Morale et loi naturelle. Textes sur la loi de nature, la morale et la religion.

محفوظ في:
التفاصيل البيبلوغرافية
المؤلف الرئيسي: Locke, John 1632-1704 (auteur)
التنسيق: كتاب
منشور في: Paris, France: Librairie Philosophique J. Vrin, 1990.
سلاسل:Bibliothèque des textes philosophiques.
الموضوعات:
الوسوم: إضافة وسم
لا توجد وسوم, كن أول من يضع وسما على هذه التسجيلة!

MARC

LEADER 00000nam a22000007a 4500
003 CL-VaPUC
005 20240822162525.0
008 220805t1990 ||||| |||| 00| 0 eng d
999 |c 438032  |d 438030 
020 |a 2-7116-1011-X 
040 |c Pontificia Universidad Católica de Valparaíso 
082 7 |a 192 LOC 1990  |2 22 
100 |a Locke, John  |d 1632-1704  |e auteur  |9 860808 
245 |a Morale et loi naturelle.  |b Textes sur la loi de nature, la morale et la religion. 
260 |a Paris, France:  |b Librairie Philosophique J. Vrin,   |c 1990. 
300 |a 222 páginas.  
490 |a Bibliothèque des textes philosophiques. 
500 |a c.1 Donación Familia Prof. Alejandro Guzmán Brito. 
583 |c 20220805  |k Cristina María Rojas Aguilar 
650 |a Derecho natural   |9 255041 
650 |a Filosofía   |9 223554 
650 |a Etica  |9 255099 
942 |2 ddc  |c BK  |n 0 
952 |0 0  |1 0  |2 ddc  |4 0  |6 192_000000000000000_LOC_1990  |7 0  |8 C_AGB  |9 585903  |a BIBDER  |b BIBDER  |d 2022-08-05  |e Donación   |i 5653851  |o 192 LOC 1990  |p 5653851  |r 2023-01-25  |t 1  |w 2022-08-05  |y BK_US  |k AGB